000 01310cam a22003255a 4500
001 13003286
003 OSt
005 20230621111354.0
008 020617s2002 ie l o001 0 eng d
010 _a 2002489436
020 _a0755713419
035 _a(OCoLC)ocm50087960
040 _aEQO
_cEQO
_dDLC
043 _ae-ie---
082 _a328.35
_bGPO
110 1 _aIreland.
_bOireachtas.
_bDáil.
245 1 0 _aBuan-orduithe i dTaobh gnó phoiblí maille le rialacha leabharlann an Oireachtais :
_bmaille le rialacha Leabharlann an Oireachtais = Standing orders relative to public business : together with Oireachtas library rules /
_cDáil Éireann.
246 3 1 _aStanding orders relative to public business : together with Oireachtas library rules
260 _aDublin :
_bThe Stationery Office,
_c2002.
300 _axi, 117 p. ;
_c30 cm.
500 _aAt head of title: Dáil Éireann.
500 _aIncludes index.
546 _aEnglish and Irish on facing pages.
610 1 0 _aIreland.
_bOireachtas.
_bDáil
_vRules and practice.
650 0 _aLegislative bodies
_zIreland
_vRules and practice.
710 2 _aOireachtas Library (Ireland).
_tRules.
906 _a7
_bcbc
_ccopycat
_d3
_encip
_f20
_gy-gencatlg
942 _2ddc
_cBK
999 _c2096
_d2096